[Event "Niedersachsen-ch Seniors op 10th"]
[Site "Bad Bevensen"]
[Date "2007.07.08"]
[Round "6"]
[White "Kluger, Hans Peter"]
[Black "Meyer, Walter"]
[Result "1-0"]
[WhiteElo "1733"]
[BlackElo "1649"]
[PlyCount "127"]
[EventDate "2007.07.03"]
[EventType "swiss"]
[EventRounds "9"]
[EventCountry "GER"]
[SourceTitle "EXT 2022"]
[Source "ChessBase"]
[SourceDate "2021.10.06"]
[SourceVersion "1"]
[SourceVersionDate "2021.10.06"]
[SourceQuality "1"]

1. d4 Nf6 2. c4 e6 3. Nf3 d5 4. e3 c5 5. cxd5 Nxd5 6. Bb5+ Bd7 7. Bxd7+ Nxd7 8. 0-0 Be7 9. Bd2 0-0 10. Qe2 Qb6 11. b3 cxd4 12. Nxd4 Rac8 13. Rc1 Bf6 14. Nc3 Nxc3 15. Bxc3 a6 16. Bb2 Qa5 17. a4 Rfe8 18. Rab1 Nb6 19. g3 Nd5 20. Qd3 e5 21. Nf5 e4 22. Rxc8 Rxc8 23. Qxe4 Bxb2 24. Rxb2 g6 25. Nd4 Rc1+ 26. Kg2 Qe1 27. Kh3 Qf1+ 28. Qg2 Nb4 29. Qxf1 Rxf1 30. Kg2 Rc1 31. Rd2 Rc3 32. Kf3 Kg7 33. h4 h5 34. g4 hxg4+ 35. Kxg4 Nc6 36. Nxc6 Rxc6 37. Rd3 Rb6 38. f4 Rb4 39. h5 gxh5+ 40. Kxh5 Re4 41. Kg5 Re6 42. f5 f6+ 43. Kf4 Rb6 44. e4 Rb4 45. Rg3+ Kf7 46. Re3 Kg7 47. Kg3 Kh6 48. Kh4 Rd4 49. Kg4 Rb4 50. Kf4 Kg7 51. Kf3 Kf7 52. Rc3 Kg7 53. Ke3 Kf7 54. Kd3 Ke7 55. Ke3 Kd6 56. Rd3+ Ke7 57. Kf4 Kf7 58. Rc3 Kg7 59. Rc7+ Kf8 60. Kg4 Rxe4+ 61. Kh5 Re7 62. Rxe7 Kxe7 63. Kg6 a5 64. Kg7 1-0

[Event "Hessen-ch Seniors op 03rd"]
[Site "Bad Sooden-Allendorf"]
[Date "2007.05.05"]
[Round "8"]
[White "Meyer, Walter"]
[Black "Rollwitz, Juergen"]
[Result "1/2-1/2"]
[WhiteElo "1666"]
[BlackElo "1791"]
[PlyCount "27"]
[EventDate "2007.04.27"]
[EventType "swiss"]
[EventRounds "9"]
[EventCountry "GER"]
[SourceTitle "EXT 2022"]
[Source "ChessBase"]
[SourceDate "2021.10.06"]
[SourceVersion "1"]
[SourceVersionDate "2021.10.06"]
[SourceQuality "1"]

1. c4 Nf6 2. Nc3 g6 3. g3 Bg7 4. Bg2 d6 5. Nf3 c6 6. 0-0 Nbd7 7. d3 0-0 8. Bd2 Re8 9. Rb1 e5 10. Ng5 h6 11. Nge4 Qe7 12. Nxf6+ Nxf6 13. Ne4 Be6 14. Nxf6+ 1/2-1/2

[Event "Hessen-ch Seniors op 03rd"]
[Site "Bad Sooden-Allendorf"]
[Date "2007.05.03"]
[Round "6"]
[White "Meyer, Walter"]
[Black "Zoll, Theobald"]
[Result "1-0"]
[WhiteElo "1666"]
[BlackElo "1480"]
[PlyCount "34"]
[EventDate "2007.04.27"]
[EventType "swiss"]
[EventRounds "9"]
[EventCountry "GER"]
[SourceTitle "EXT 2022"]
[Source "ChessBase"]
[SourceDate "2021.10.06"]
[SourceVersion "1"]
[SourceVersionDate "2021.10.06"]
[SourceQuality "1"]

1. c4 c5 2. Nc3 Nc6 3. g3 g6 4. Bg2 Bg7 5. Nf3 Nf6 6. d3 0-0 7. 0-0 d6 8. Rb1 a6 9. a3 Bd7 10. Bd2 Qc8 11. b4 b6 12. Ng5 Rb8 13. bxc5 bxc5 14. Nge4 Bh3 15. Rxb8 Nxb8 16. Nxf6+ Bxf6 17. Nd5 Bg7 1-0

[Event "Hessen-ch Seniors op 03rd"]
[Site "Bad Sooden-Allendorf"]
[Date "2007.05.01"]
[Round "4"]
[White "Meyer, Walter"]
[Black "Krause, Werner"]
[Result "1-0"]
[WhiteElo "1666"]
[BlackElo "1394"]
[PlyCount "76"]
[EventDate "2007.04.27"]
[EventType "swiss"]
[EventRounds "9"]
[EventCountry "GER"]
[SourceTitle "EXT 2022"]
[Source "ChessBase"]
[SourceDate "2021.10.06"]
[SourceVersion "1"]
[SourceVersionDate "2021.10.06"]
[SourceQuality "1"]

1. c4 d5 2. cxd5 Qxd5 3. Nc3 Qa5 4. g3 Bg4 5. Bg2 Nc6 6. Nf3 0-0-0 7. 0-0 Nf6 8. a3 e6 9. d3 Bd6 10. Be3 Qh5 11. Qa4 a6 12. Rfe1 Bc5 13. Bxc5 Bxf3 14. Bxf3 Qxc5 15. Bxc6 Qxc6 16. Qxc6 bxc6 17. Rac1 Rd6 18. Na4 Kb7 19. Rc4 a5 20. Rec1 Rhd8 21. e3 Nd7 22. d4 Nb8 23. Nc5+ Kb6 24. R4c3 Rd5 25. Rb3+ Ka7 26. Rb7+ Ka8 27. Rxc7 Nd7 28. Rxc6 Nxc5 29. R1xc5 Kb7 30. Rc7+ Kb6 31. Rxf7 Rxc5 32. dxc5+ Kxc5 33. Rc7+ Kb5 34. Rxg7 Kc4 35. Rxh7 Kb3 36. Rb7+ Ka4 37. h4 Rd1+ 38. Kg2 Rb1 1-0

[Event "Hessen-ch Seniors op 03rd"]
[Site "Bad Sooden-Allendorf"]
[Date "2007.04.28"]
[Round "1"]
[White "Kopp, Peter"]
[Black "Meyer, Walter"]
[Result "1-0"]
[WhiteElo "2061"]
[BlackElo "1666"]
[PlyCount "37"]
[EventDate "2007.04.27"]
[EventType "swiss"]
[EventRounds "9"]
[EventCountry "GER"]
[SourceTitle "EXT 2022"]
[Source "ChessBase"]
[SourceDate "2021.10.06"]
[SourceVersion "1"]
[SourceVersionDate "2021.10.06"]
[SourceQuality "1"]

1. e4 c5 2. c3 Nf6 3. e5 Nd5 4. d4 e6 5. Nf3 Nc6 6. c4 Nb6 7. d5 exd5 8. cxd5 Nb8 9. d6 Nc6 10. a4 a5 11. Nc3 h6 12. Nb5 Bxd6 13. Qxd6 Qe7 14. Nc7+ Kf8 15. Nxa8 Nxa8 16. Bb5 Qxd6 17. exd6 Nd8 18. Bd2 b6 19. 0-0-0 1-0

[Event "Niedersachsen-ch Seniors op 09th"]
[Site "Bad Bevensen"]
[Date "2006.06.29"]
[Round "6"]
[White "Zoll, Theobald"]
[Black "Meyer, Walter"]
[Result "0-1"]
[WhiteElo "1470"]
[BlackElo "1653"]
[PlyCount "40"]
[EventDate "2006.06.24"]
[EventType "swiss"]
[EventRounds "9"]
[EventCountry "GER"]
[SourceTitle "EXT 2022"]
[Source "ChessBase"]
[SourceDate "2021.10.06"]
[SourceVersion "1"]
[SourceVersionDate "2021.10.06"]
[SourceQuality "1"]

1. b3 Nf6 2. c4 g6 3. Bb2 Bg7 4. Nf3 0-0 5. Qc2 d6 6. e3 Bf5 7. d3 c5 8. Be2 Nc6 9. a3 a6 10. Nc3 Rb8 11. 0-0 b5 12. Nd5 Ne8 13. Bxg7 Nxg7 14. Rab1 Bd7 15. a4 e6 16. Nc3 Nb4 17. Qd2 bxc4 18. dxc4 Bc6 19. Rfd1 Ne8 20. Ng5 Qxg5 0-1

[Event "Niedersachsen-ch Seniors op 09th"]
[Site "Bad Bevensen"]
[Date "2006.06.27"]
[Round "4"]
[White "Hippler, Hans Werner"]
[Black "Meyer, Walter"]
[Result "1-0"]
[WhiteElo "1531"]
[BlackElo "1653"]
[PlyCount "77"]
[EventDate "2006.06.24"]
[EventType "swiss"]
[EventRounds "9"]
[EventCountry "GER"]
[SourceTitle "EXT 2022"]
[Source "ChessBase"]
[SourceDate "2021.10.06"]
[SourceVersion "1"]
[SourceVersionDate "2021.10.06"]
[SourceQuality "1"]

1. e4 c5 2. Bc4 Nc6 3. a3 Nf6 4. d3 g6 5. Nf3 d6 6. h3 Bg7 7. 0-0 0-0 8. Nc3 a6 9. Be3 Bd7 10. Qd2 b5 11. Ba2 Rb8 12. Bh6 b4 13. Bxg7 Kxg7 14. Nd5 e6 15. Nf4 a5 16. a4 h6 17. b3 e5 18. Ne2 Nh7 19. Rae1 Qf6 20. Nh2 g5 21. c3 Be6 22. c4 Qe7 23. Bb1 f5 24. exf5 Bxf5 25. Ng3 Bg6 26. Bc2 Nd4 27. Bd1 Rf7 28. Nf3 Nxf3+ 29. Bxf3 Rf4 30. Bh5 Qf7 31. Bxg6 Qxg6 32. Ne4 Rd8 33. Re3 Nf6 34. Rfe1 Nxe4 35. dxe4 Rdf8 36. f3 h5 37. Qc2 g4 38. fxg4 hxg4 39. Rg3 1-0